| 000 | 00530nam a2200169 i 4500 | ||
|---|---|---|---|
| 001 | bg | ||
| 245 | 0 |
_aFilozofia i współczesna biologia / _cpod red. I. T. Frolova ; [przekł. z ros. Andrzej Bednarczyk]. |
|
| 260 |
_aWarszawa : _b"Książka i Wiedza", _c1976. |
||
| 300 | _a365, [3] s. | ||
| 500 | _a[Na k. tyt. red.] : I. T. Frołow. | ||
| 700 | 1 |
_aFrolov, Ivan Timofeevič _d(1929-1999). _eRed. |
|
| 040 | _cBPK | ||
| 041 | _apol | ||
| 080 | _a57:113/119:141.82 | ||
| 942 | _cKS | ||
| 008 | s pl f |000 0 pol | ||
| 999 |
_c17432 _d17432 |
||
| 856 |
_uhttp://koha.tu.koszalin.pl/cgi-bin/koha/opac-detail.pl?biblionumber=17432 _yKatalog online BPK |
||